Statistics for Country by Letter Nodes

Click here to take the quiz!

General Stats

  • This quiz has been taken 29,055 times
  • The average score is 10 of 12

Answer Stats

Answer% Correct
Canada
100%
Greece
96%
Morocco
95%
Jamaica
89%
Tanzania
88%
Paraguay
84%
Kazakhstan
82%
Comoros
79%
Kiribati
73%
Philippines
73%
Eritrea
71%
Saudi Arabia
63%

Score Distribution

Percentile by Number Answered

Percent of People with Each Score

Your Score History

You have not taken this quiz